000 00235nam a2200097Ia 4500
008 190216s9999||||xx |||||||||||||| ||und||
100 _aDamodaran N K
245 0 _aMalayalam-Thulaseedasa Ramayanam
260 _bNbs Kottayam
942 _cBK
999 _c30332
_d30332